000 00923nam a2200253Ia 4500
003 OSt
005 20220923211043.0
006 a|||||r|||| 00| 0
007 ta
008 220922b |||||||| |||| 00| 0 hin d
020 _a8174530908 (hbk)
_c500
024 _a233,792
037 _b345, 13/03/2008, Swaraj Prakashan
_cTextual
040 _aARTS
_cARTS
_bhin
041 _2hin
_ahin
082 _a4, 152P3
100 _aमिश्र, चन्द्रप्रकाश
245 0 _aमीडिया लेखन
_b सिद्धान्त और व्यवहार
246 _aMīḍiyā lekhana: siddhānta aur vyavahāra
260 _aदिल्ली
_b संजय प्रकाशन
_c2003
300 _a408पृ.
_ccm.
942 _h4, 152P3
_cTEXL
_2CC
999 _c294580
_d294580